Attorney General (ex rel Yorkshire Derwent Trust Ltd and another) v Brotherton and others (Record no. 33576)

MARC details
000 -LEADER
fixed length control field 01225cab a2200229 4500
001 - CONTROL NUMBER
control field ABS45727
008 - FIXED-LENGTH DATA ELEMENTS--GENERAL INFORMATION
fixed length control field 090401t1992 xxu||||| |||| 00| 0 eng d
035 ## - SYSTEM CONTROL NUMBER
System control number (Sirsi) u54783
041 ## - LANGUAGE CODE
Language code of text/sound track or separate title eng
245 ## - TITLE STATEMENT
Title Attorney General (ex rel Yorkshire Derwent Trust Ltd and another) v Brotherton and others
260 ## - PUBLICATION, DISTRIBUTION, ETC.
Date of publication, distribution, etc. 1992
350 ## - PRICE (NR) (BK AM CF MU VM SE) [OBSOLETE]
Price 0
490 ## - SERIES STATEMENT
Series statement All England Law Reports
Volume/sequential designation (1992) 1 All ER 230-256(14)
520 ## - SUMMARY, ETC.
Summary, etc. HL 5 December 1991. Pursuing a policy of re-establishing the River Derwent as a navigable waterway, AG sued B and other bankside landowners opposing the move, on behalf of YDT and Malton town council, in an attempt to declare a public right of way. Envoked in support was the Rights of Way Act 1932 s1. The key question was whether land covered by water could conform to the definition of land in the Act. At trial, it was decided that navigation rights were not considered rights of way. AG appealed and won, so B took the case to the Lords where the initial judgement was reinstated.
650 ## - SUBJECT ADDED ENTRY--TOPICAL TERM
Topical term or geographic name entry element NAVIGATION RIGHTS
650 ## - SUBJECT ADDED ENTRY--TOPICAL TERM
Topical term or geographic name entry element PUBLIC HIGHWAYS
650 ## - SUBJECT ADDED ENTRY--TOPICAL TERM
Topical term or geographic name entry element RIGHTS OF WAY ACT 1932 S1
650 ## - SUBJECT ADDED ENTRY--TOPICAL TERM
Topical term or geographic name entry element RIVERS
690 ## - LOCAL SUBJECT ADDED ENTRY--TOPICAL TERM (OCLC, RLIN)
Topical term or geographic name as entry element HIGHWAYS RIGHTS OF WAY AND EASEMENTS
942 ## - ADDED ENTRY ELEMENTS (KOHA)
Suppress in OPAC 0
948 ## - LOCAL PROCESSING INFORMATION (OCLC); SERIES PART DESIGNATOR (RLIN)
c (OCLC) 04/03/1997
Holdings
Withdrawn status Lost status Source of classification or shelving scheme Damaged status Not for loan Home library Current library Shelving location Date acquired Total Checkouts Full call number Barcode Date last seen Copy number Price effective from Koha item type
    Dewey Decimal Classification     London London Journal article 14/09/1999   ABS45727 54783-1001 06/08/2019 1 06/08/2019 Law report